header

Experimental endocrinology and reproductive biology (Record no. 14513)

MARC details
000 -LEADER
fixed length control field 01214nam a2200313 a 4500
082 04 - DEWEY DECIMAL CLASSIFICATION NUMBER
Classification number 612.4
245 00 - TITLE STATEMENT
Title Experimental endocrinology and reproductive biology
260 ## - PUBLICATION, DISTRIBUTION, ETC. (IMPRINT)
Place of publication Enfield (NH) :
Name of publisher Science Publishers,
Year of publication c2008.
300 ## - PHYSICAL DESCRIPTION
Number of Pages xiv, 321 p. :
Other physical details ill. (some col.).
650 #0 - SUBJECT ADDED ENTRY--TOPICAL TERM
Topical Term Endocrinology.
Topical Term Reproduction
700 1# - ADDED ENTRY--PERSONAL NAME
Personal name Haldar, Chandana.
856 40 - ELECTRONIC LOCATION AND ACCESS
Uniform Resource Identifier http://site.ebrary.com/lib/rucke/Doc?id=10256207

No items available.

© 2026 Rongo University
Contact us: librarian | system librarian | Rongo university